| 000 | 00652nam a22001937a 4500 | ||
|---|---|---|---|
| 003 | UPN | ||
| 005 | 20250902200401.0 | ||
| 008 | 250902s2006 no| |||frt|||i001 0 eng d | ||
| 040 |
_aMX-MxUPN _bspa _cMX-MxUPN |
||
| 041 | _aeng | ||
| 050 |
_aHD83 _bU54 2006 |
||
| 110 |
_aThe Norwegian National Comission for Unesco _957597 |
||
| 245 | _aNorwegian reporting to some selected UNESCO conventions in the period 1995-2005 | ||
| 260 |
_aOslo : _bThe Norwegian National Comission for UNESCO, _c2006 |
||
| 300 | _a34 páginas | ||
| 650 | 4 |
_aDesarrollo social _vCongresos _956826 _zNoruega |
|
| 902 | _aMaiella Martínez / 022092025 | ||
| 942 |
_2lcc _cFOLL _n0 |
||
| 999 |
_c213965 _d213965 |
||